[Event "Gibraltar Masters"]
[Site "Caleta ENG"]
[Date "2011.01.31"]
[Round "7.54"]
[White "Tabatt, Hendrik"]
[Black "Tozer, Philip A A"]
[Result "0-1"]
[WhiteElo "2342"]
[BlackElo "2140"]
[WhiteFideId "4653572"]
[BlackFideId "419982"]
[EventDate "2011.01.25"]
[EventType "swiss"]

1. d4 e6 2. Nf3 f5 3. e3 Nf6 4. Bd3 d5 5. O-O Bd6 6. b3 Qe7 7. Bb2 O-O 8. c4 c6
9. Qc1 b6 10. Ba3 Bxa3 11. Qxa3 c5 12. Nc3 Ne4 13. Rac1 Bb7 14. cxd5 exd5 15.
Na4 Nd7 16. Bb5 f4 17. Bxd7 Qxd7 18. Nb2 fxe3 19. fxe3 a5 20. Nd3 Ba6 21. Nde5
Qf5 22. Rfe1 g5 23. g4 Qe6 24. Qb2 Rf6 25. Qg2 Raf8 26. Rc2 Kh8 27. h3 Qe8 28.
Rb2 h5 29. a4 hxg4 30. hxg4 Kg7 31. Rbb1 Rh8 32. Rbd1 Qe6 33. Rc1 Rfh6 34. Rc2
Rh3 0-1

[Event "Gibraltar Masters"]
[Site "Caleta ENG"]
[Date "2011.01.31"]
[Round "7.56"]
[White "Navarrete Espi, Samuel"]
[Black "Wahlbom, Magnus"]
[Result "1-0"]
[WhiteElo "2095"]
[BlackElo "2305"]
[WhiteFideId "2237725"]
[BlackFideId "1700685"]
[EventDate "2011.01.25"]
[EventType "swiss"]

1. e4 c5 2. Nf3 e6 3. d4 cxd4 4. Nxd4 Nf6 5. Nc3 d6 6. Be3 a6 7. f3 Be7 8. Qd2
O-O 9. O-O-O b5 10. g4 Bb7 11. h4 Nc6 12. h5 Nd7 13. Nxc6 Bxc6 14. g5 Qa5 15.
Kb1 b4 16. Ne2 Ne5 17. Nd4 Bd7 18. g6 Rac8 19. h6 fxg6 20. hxg7 Rf7 21. Qh2 h5
22. Bh3 Nxf3 23. Nxf3 Rxf3 24. Bd4 Qb5 25. Qg2 Rxh3 26. Rxh3 e5 27. Qxg6 Bxh3
28. Qxh5 Qc4 29. Be3 Be6 30. Rg1 Qxa2+ 31. Kc1 Rxc2+ 32. Kxc2 Bb3+ 33. Kd2 Qxb2+
34. Ke1 Qb1+ 35. Kf2 Qc2+ 36. Kg3 1-0

[Event "Gibraltar Masters"]
[Site "Caleta ENG"]
[Date "2011.01.31"]
[Round "7.57"]
[White "Piasetski, Leon"]
[Black "Carlsten, Peter"]
[Result "1/2-1/2"]
[WhiteTitle "IM"]
[WhiteElo "2303"]
[BlackElo "2110"]
[WhiteFideId "2600072"]
[BlackFideId "1705067"]
[EventDate "2011.01.25"]
[EventType "swiss"]

1. Nf3 f5 2. b3 b6 3. Bb2 Bb7 4. g3 e6 5. Bg2 Nf6 6. O-O Be7 7. d3 O-O 8. e4
fxe4 9. Nfd2 d6 10. c4 e5 11. Nc3 Nbd7 12. Ndxe4 Nxe4 13. Nxe4 Rb8 14. d4 exd4
15. Qxd4 Bf6 16. Nxf6+ Nxf6 17. Bxb7 Rxb7 18. Rfe1 Rb8 19. Re3 Qd7 20. Rae1 Rbe8
21. Qh4 Rxe3 22. Rxe3 Qf5 23. Bxf6 Qxf6 24. Qxf6 Rxf6 25. Re7 Rf7 26. Re8+ Rf8
27. Re7 Rf7 28. Re8+ Rf8 1/2-1/2

[Event "Gibraltar Masters"]
[Site "Caleta ENG"]
[Date "2011.01.31"]
[Round "7.58"]
[White "Tate, Alan"]
[Black "Suez-Panama, Gilles"]
[Result "1-0"]
[WhiteElo "2292"]
[BlackElo "2096"]
[WhiteFideId "2401878"]
[BlackFideId "620165"]
[EventDate "2011.01.25"]
[EventType "swiss"]

1. e4 e6 2. d4 d5 3. Nd2 Nf6 4. e5 Nfd7 5. Bd3 c5 6. c3 Nc6 7. Ngf3 Be7 8. O-O
g5 9. b4 cxd4 10. cxd4 g4 11. b5 Nb4 12. Ne1 Nxd3 13. Nxd3 f5 14. exf6 Nxf6 15.
Ne5 Qb6 16. Nb3 Rg8 17. a4 Bd6 18. Qd3 Qc7 19. Bb2 Ne4 20. Rac1 Qe7 21. f3 Bxe5
22. dxe5 gxf3 23. Qxf3 Ng5 24. Qh5+ Kd8 25. h4 Nh3+ 26. Kh2 Qg7 27. g4 1-0

[Event "Gibraltar Masters"]
[Site "Caleta ENG"]
[Date "2011.01.31"]
[Round "7.59"]
[White "Calzetta Ruiz, Monica"]
[Black "Sreeves, Clement"]
[Result "1-0"]
[WhiteTitle "WGM"]
[WhiteElo "2284"]
[BlackElo "2093"]
[WhiteFideId "2204185"]
[BlackFideId "2402564"]
[EventDate "2011.01.25"]
[EventType "swiss"]

1. e4 c5 2. Nf3 d6 3. d4 cxd4 4. Nxd4 Nf6 5. Nc3 g6 6. Be2 Bg7 7. O-O O-O 8. Bg5
Nc6 9. Nb3 Be6 10. Kh1 Rc8 11. f4 a6 12. f5 Bd7 13. Qe1 Ne5 14. Qh4 b5 15. Bd3
Bc6 16. Nd4 Bb7 17. fxg6 hxg6 18. Nf3 Re8 19. Nxe5 dxe5 20. Rf3 Nh7 21. Be3 e6
22. Qg3 Nf6 23. Raf1 Rf8 24. Bg5 Nh5 25. Qg4 Qd6 26. Be3 Nf4 27. Bxf4 exf4 28.
Rxf4 Qe5 29. Nd1 b4 30. b3 Rc5 31. Ne3 Qh5 32. Qxh5 Rxh5 33. Nc4 Bc6 34. Rg4 Bb5
35. a4 bxa3 36. Nxa3 Bxd3 37. cxd3 Rb8 38. Nc4 Rxb3 39. Nd6 Rxd3 40. Nxf7 Rd7
41. Ng5 Re7 42. h3 a5 43. Rc1 Bf6 44. Nf3 Kg7 45. e5 Rxe5 46. Nxe5 Bxe5 47. Rc5
Bf6 48. Rxa5 Rd7 49. Re4 e5 50. h4 Rd4 51. Rxd4 exd4 52. g3 Kf7 53. Kg2 Ke6 54.
Kf3 Be5 55. Ra6+ Kf7 56. g4 d3 57. Ra7+ Ke6 58. Ke3 Bg3 59. Rh7 Ke5 60. h5 d2
61. Kxd2 gxh5 62. gxh5 Bf4+ 63. Kd3 Bg5 64. Rg7 Kf5 65. Rg6 1-0

[Event "Gibraltar Masters"]
[Site "Caleta ENG"]
[Date "2011.01.31"]
[Round "7.60"]
[White "Montabord, Manuel"]
[Black "Garcia Jimenez, Francisco Javier"]
[Result "1/2-1/2"]
[BlackTitle "FM"]
[WhiteElo "2063"]
[BlackElo "2274"]
[WhiteFideId "614386"]
[BlackFideId "2231590"]
[EventDate "2011.01.25"]
[EventType "swiss"]

1. e4 d5 2. exd5 Qxd5 3. Nc3 Qa5 4. d4 Nf6 5. Nf3 Bf5 6. Bc4 c6 7. Bd2 e6 8. Nd5
Qd8 9. Nxf6+ Qxf6 10. Qe2 Bg4 11. d5 Bxf3 12. gxf3 cxd5 13. Bxd5 Qxb2 14. O-O
Nc6 15. Rab1 Qxc2 16. Be4 Nd4 17. Qe3 Qc4 18. Kh1 Bd6 19. Rg1 Ne2 20. Rge1 Nd4
21. Rg1 Ne2 22. Rge1 Nd4 23. Rg1 1/2-1/2

[Event "Gibraltar Masters"]
[Site "Caleta ENG"]
[Date "2011.01.31"]
[Round "7.61"]
[White "Fairbairn, Stephen"]
[Black "Montero Melendez, Rafael"]
[Result "0-1"]
[WhiteElo "2058"]
[BlackElo "2265"]
[WhiteFideId "2603985"]
[BlackFideId "2221772"]
[EventDate "2011.01.25"]
[EventType "swiss"]

1. c4 Nf6 2. g3 c6 3. Bg2 d5 4. cxd5 cxd5 5. Nf3 Nc6 6. O-O e5 7. d3 Be7 8. a3
a5 9. b3 O-O 10. Bb2 d4 11. Nbd2 Nd5 12. Nc4 f6 13. Qc2 Be6 14. Rfc1 Rc8 15. Qd1
b5 16. e4 Nc3 17. Bxc3 bxc4 18. Be1 cxb3 19. Rcb1 a4 20. Rb2 Na7 21. Nd2 Nb5 22.
Nb1 Rc6 23. Bb4 Qc7 24. Nd2 Nc3 25. Qf1 Bxb4 26. axb4 Qb6 27. Bh3 Qxb4 28. Bxe6+
Rxe6 29. Qh3 Re7 30. Nc4 Rb8 31. f4 Nb5 32. Rab1 Na3 33. Nxa3 Qxa3 34. fxe5 fxe5
35. Qh4 Qc5 36. Qg5 h6 37. Qd2 Qc3 38. Qd1 Reb7 39. Qg4 a3 40. Qe6+ Kh8 41. Rf2
b2 42. Qd6 a2 43. Rf8+ Rxf8 44. Qxf8+ Kh7 0-1

[Event "Gibraltar Masters"]
[Site "Caleta ENG"]
[Date "2011.01.31"]
[Round "7.62"]
[White "Sanchez, Louis"]
[Black "McKenna, Jason P"]
[Result "1/2-1/2"]
[WhiteTitle "FM"]
[WhiteElo "2262"]
[BlackElo "2062"]
[WhiteFideId "624225"]
[BlackFideId "403857"]
[EventDate "2011.01.25"]
[EventType "swiss"]

1. e4 g6 2. d4 Bg7 3. Nc3 d6 4. f4 c6 5. Nf3 Bg4 6. Be3 Qb6 7. Qd2 Bxf3 8. gxf3
Nd7 9. O-O-O Qa5 10. Kb1 Ngf6 11. Rg1 Nh5 12. f5 O-O-O 13. Bc4 Rdf8 14. Be2 Kb8
15. f4 Nhf6 16. Bf3 Nb6 17. fxg6 Nc4 18. Qd3 Qb4 19. Bc1 hxg6 20. Be2 b5 21. e5
dxe5 22. fxe5 Bh6 23. b3 Bxc1 24. Rxc1 Nh5 25. Rgf1 Ng7 26. Ka1 Nb6 27. d5 Nf5
28. dxc6 Rd8 29. c7+ Kxc7 30. Nxb5+ Kb8 31. Qc3 Qxc3+ 32. Nxc3 Rxh2 33. Bd3 e6
34. Rce1 Nd5 35. Nxd5 Rxd5 36. Re4 Nd4 37. Kb1 Nf5 38. Rff4 Kc7 39. Ra4 a5 40.
Rfe4 Rg2 41. b4 axb4 42. Ra7+ Kb8 43. Rxf7 Nd4 44. Rh4 Nc6 45. Rh8+ Nd8 46. Ba6
Rgd2 47. Rb7+ Kc8 48. Re7+ Kb8 49. Bd3 Rd1+ 50. Kb2 Re1 51. Rxe6 Kc7 52. Rh7+
Rd7 53. Ree7 Rxe7 54. Rxe7+ Kb6 55. Bxg6 Nc6 56. Re6 Rxe5 57. Rf6 Kc5 58. Bd3
Re1 59. Rf4 Ne5 60. Rh4 Nxd3+ 61. cxd3 Re3 62. Kc2 Re2+ 63. Kb3 Rd2 64. Rc4+ Kd5
65. Rc2 Rxd3+ 66. Kxb4 Rd1 67. a4 Rb1+ 68. Ka5 Kd6 69. Ka6 Kd7 70. a5 Rb3 71.
Rc5 Rb1 72. Ka7 Rb2 73. a6 Rb1 74. Rg5 Kc7 75. Rg7+ Kc6 76. Rb7 Rh1 77. Rb6+ Kc7
78. Rb3 Kc6 79. Rb7 Ra1 80. Rb6+ Kc7 81. Rb2 Kc6 82. Rc2+ Kd7 83. Rb2 Kc6 84.
Rb4 Ra2 85. Rb1 Kc7 86. Rc1+ Kd7 87. Kb7 Rb2+ 88. Ka8 Ra2 89. a7 Rb2 90. Rh1 Kc7
91. Rh8 Rb1 92. Rb8 Rh1 93. Rb7+ Kc6 1/2-1/2

[Event "Gibraltar Masters"]
[Site "Caleta ENG"]
[Date "2011.01.31"]
[Round "7.63"]
[White "Scholzen, Wolfgang"]
[Black "Avalos Parra, Joao"]
[Result "0-1"]
[BlackTitle "FM"]
[WhiteElo "2057"]
[BlackElo "2252"]
[WhiteFideId "24637629"]
[BlackFideId "3402541"]
[EventDate "2011.01.25"]
[EventType "swiss"]

1. e4 e6 2. d4 d5 3. Nc3 Bb4 4. e5 c5 5. a3 Bxc3+ 6. bxc3 Nc6 7. Qg4 g6 8. Bd3
Qa5 9. Bd2 c4 10. Bf1 Bd7 11. h4 h6 12. h5 g5 13. Qf3 Rh7 14. g4 f6 15. exf6 Rf7
16. Qe3 Nxf6 17. f3 O-O-O 18. Ne2 Re8 19. Bh3 e5 20. Qg1 exd4 21. cxd4 c3 22.
Bc1 Rfe7 23. Rh2 Qa4 24. Kd1 Nxd4 0-1

[Event "Gibraltar Masters"]
[Site "Caleta ENG"]
[Date "2011.01.31"]
[Round "7.64"]
[White "Chapman, Terry P D"]
[Black "Helin, Mikael"]
[Result "1-0"]
[WhiteElo "2250"]
[BlackElo "1914"]
[WhiteFideId "413399"]
[BlackFideId "1703838"]
[EventDate "2011.01.25"]
[EventType "swiss"]

1. d4 g6 2. e4 d6 3. Nf3 Bg7 4. Bc4 e6 5. Bb3 a6 6. O-O b6 7. Re1 Bb7 8. Nbd2
Ne7 9. Nf1 Nd7 10. Ng3 h6 11. c3 Rc8 12. h4 c5 13. Bf4 c4 14. Bc2 Qc7 15. Qd2 e5
16. Be3 Kf8 17. Rad1 Rd8 18. Nh2 h5 19. f4 f6 20. Rf1 Nc6 21. f5 g5 22. hxg5 h4
23. Nh1 h3 24. d5 hxg2 25. Qxg2 Ne7 26. Rf3 Nc5 27. Rg3 Kf7 28. Ng4 Rdg8 29.
Nhf2 Nd7 30. Nh3 Ke8 31. Kf2 Kd8 32. Rg1 Kc8 33. Nh6 Rf8 34. Ng4 Rfg8 35. Qf3
Kb8 36. Ke1 Bc8 37. Kd2 b5 38. Nh6 Rf8 39. Ng4 Rfg8 40. a3 Bb7 41. Bd1 a5 42.
Bc2 a4 43. Kc1 Qc8 44. R3g2 Qf8 45. Kb1 Qe8 46. Nhf2 Qh5 47. g6 Nc8 48. Rg3 Bh6
49. Bxh6 Rxh6 50. Rh3 Qg5 51. Rxh6 Nc5 52. Qe3 Qf4 53. Qxf4 exf4 54. Nxf6 1-0

[Event "Gibraltar Masters"]
[Site "Caleta ENG"]
[Date "2011.01.31"]
[Round "7.65"]
[White "Messam-Sparks, Lateefah"]
[Black "Daurelle, Herve"]
[Result "0-1"]
[WhiteElo "1904"]
[BlackElo "2243"]
[WhiteFideId "470813"]
[BlackFideId "602655"]
[EventDate "2011.01.25"]
[EventType "swiss"]

1. d4 Nf6 2. c4 e6 3. Nc3 c5 4. d5 exd5 5. cxd5 d6 6. e4 g6 7. f4 Bg7 8. Bb5+
Nbd7 9. e5 dxe5 10. fxe5 Nh5 11. Nf3 O-O 12. e6 Ne5 13. Nxe5 Bxe5 14. Qe2 Qh4+
15. Kd2 Bxc3+ 16. bxc3 fxe6 17. g3 Nxg3 18. hxg3 Qxh1 19. dxe6 Qd5+ 20. Kc2 Bxe6
21. Bh6 Rf3 22. Bc4 Qf5+ 23. Kb2 Bxc4 24. Qxc4+ Qf7 25. Qxc5 Rf2+ 26. Ka3 Rf5
27. Qd4 Rd5 28. Qb4 a5 29. Qh4 b5 0-1

[Event "Gibraltar Masters"]
[Site "Caleta ENG"]
[Date "2011.01.31"]
[Round "7.66"]
[White "Hauge, Lars Oskar"]
[Black "Henriksson, Johan"]
[Result "1/2-1/2"]
[WhiteElo "1942"]
[BlackElo "2243"]
[WhiteFideId "1509276"]
[BlackFideId "1703560"]
[EventDate "2011.01.25"]
[EventType "swiss"]

1. e4 c6 2. d4 d5 3. e5 Bf5 4. Nc3 h5 5. Bd3 Bxd3 6. Qxd3 e6 7. Nf3 Nd7 8. Ne2
c5 9. c3 cxd4 10. cxd4 Bb4+ 11. Bd2 Bxd2+ 12. Nxd2 Ne7 13. O-O g6 14. Kh1 Kf8
15. Rac1 Kg7 16. f4 Qb6 17. b3 Rac8 18. Nf3 Qb4 19. Qd2 Qb6 20. g3 Rc6 21. Rxc6
bxc6 22. Rc1 c5 23. Nc3 cxd4 24. Qxd4 Rc8 25. Ne2 Rxc1+ 26. Nxc1 Qc6 27. Ne2 Nf5
28. Qd2 d4 29. Kg2 Ne3+ 30. Kf2 Ng4+ 31. Kg2 Ne3+ 32. Kf2 Ng4+ 33. Kg2 1/2-1/2

[Event "Gibraltar Masters"]
[Site "Caleta ENG"]
[Date "2011.01.31"]
[Round "7.67"]
[White "Sarkar, Justin"]
[Black "Hamer, Martyn"]
[Result "1-0"]
[WhiteTitle "IM"]
[WhiteElo "2418"]
[BlackElo "2041"]
[WhiteFideId "2010011"]
[BlackFideId "413160"]
[EventDate "2011.01.25"]
[EventType "swiss"]

1. d4 Nf6 2. c4 e6 3. Nc3 d5 4. Bg5 Be7 5. e3 O-O 6. Nf3 h6 7. Bh4 b6 8. Rc1 Bb7
9. Bxf6 Bxf6 10. cxd5 exd5 11. Bd3 Nd7 12. O-O Re8 13. Nb5 Rc8 14. Nxa7 Ra8 15.
Nb5 c6 16. Nd6 Re7 17. Nxb7 Qc7 18. Bb1 Rc8 19. Nc5 bxc5 20. dxc5 g6 21. Nd4 Rb8
22. Qd2 Ne5 23. b3 h5 24. Bd3 Ng4 25. g3 Kg7 26. Be2 Rh8 27. Kg2 Bg5 28. Rc3 f5
29. f4 Bh6 30. Bxg4 hxg4 31. a4 Kg8 32. Rf2 Bf8 33. b4 Rh3 34. b5 Reh7 35. Kg1
Qe7 36. Qd3 Qf6 37. Nxc6 Bg7 38. Qxd5+ Kh8 39. Ne5 Bf8 40. b6 1-0

[Event "Gibraltar Masters"]
[Site "Caleta ENG"]
[Date "2011.01.31"]
[Round "7.68"]
[White "Kantans, Toms"]
[Black "Fomani, Medhi"]
[Result "1-0"]
[WhiteTitle "FM"]
[WhiteElo "2342"]
[BlackElo "2013"]
[WhiteFideId "11602945"]
[BlackFideId "2259435"]
[EventDate "2011.01.25"]
[EventType "swiss"]

1. e4 c6 2. Nc3 d5 3. Nf3 Bg4 4. h3 Bxf3 5. Qxf3 e6 6. d3 Nd7 7. g3 Ngf6 8. Bg2
Be7 9. O-O O-O 10. Qe2 dxe4 11. Nxe4 Nxe4 12. Qxe4 Nf6 13. Qe2 Qc7 14. a3 Rad8
15. b4 Nd5 16. Bb2 Bf6 17. d4 Rfe8 18. Rad1 a6 19. f4 g6 20. Be4 Bg7 21. Kg2 Ne7
22. Rfe1 Qb6 23. c3 Qc7 24. h4 h5 25. Bc1 f5 26. Bf3 Nd5 27. Bb2 Qd7 28. Qc2 Qc8
29. Qb3 Kh7 30. Rd2 Qd7 31. a4 Bf8 32. Rde2 b5 33. Ra1 Ra8 34. Bc1 Kg7 35. Rea2
Qb7 36. Bd2 Kf6 37. Rc2 Rec8 38. Re1 Re8 39. axb5 axb5 40. c4 bxc4 41. Qxc4 Ra6
42. Qe2 Bd6 43. Rxc6 Rxc6 44. Bxd5 Qc7 45. Bxc6 Qxc6+ 46. Kh2 Qd5 47. Bc3 Rc8
48. Qxe6+ Qxe6 49. d5+ Kf7 50. Rxe6 Rxc3 51. Rxd6 Rb3 52. Rb6 Rb2+ 53. Kh3 Rd2
54. Rb5 Rd4 55. Kg2 Ke7 56. Kf2 Rd2+ 57. Ke3 Rg2 58. Kd4 Rxg3 59. Rb7+ Kd6 60.
Rb6+ Ke7 61. b5 Rg1 62. Re6+ Kf7 63. b6 Rb1 64. Ke5 Rb5 65. Rc6 1-0

[Event "Gibraltar Masters"]
[Site "Caleta ENG"]
[Date "2011.01.31"]
[Round "7.69"]
[White "Freuler, Roman"]
[Black "Bergstrom, Rolf"]
[Result "0-1"]
[BlackTitle "FM"]
[WhiteElo "2092"]
[BlackElo "2307"]
[WhiteFideId "1304283"]
[BlackFideId "1702386"]
[EventDate "2011.01.25"]
[EventType "swiss"]

1. e4 b6 2. d4 Bb7 3. Nc3 e6 4. Nf3 Bb4 5. Bd3 Nf6 6. Qe2 d5 7. exd5 Qxd5 8. Bd2
Bxc3 9. bxc3 Nbd7 10. O-O O-O 11. c4 Qh5 12. Ng5 Qxe2 13. Bxe2 e5 14. c3 Rfe8
15. Rfe1 h6 16. Nf3 Ne4 17. Bd3 Nxd2 18. Nxd2 Rad8 19. Be4 c6 20. Nf3 g6 21. Bc2
Ba6 22. dxe5 Bxc4 23. Bb3 Bd5 24. Bxd5 cxd5 25. Rad1 Nc5 26. Nd4 Na4 27. Rd3 Rc8
28. Nb5 Rc5 29. Nd6 Re7 30. Ree3 d4 31. Re1 Rcxe5 32. Rxe5 Rxe5 33. Kf1 dxc3 0-1

[Event "Gibraltar Masters"]
[Site "Caleta ENG"]
[Date "2011.01.31"]
[Round "7.71"]
[White "Bous, Florian"]
[Black "Spence, David J"]
[Result "1/2-1/2"]
[WhiteElo "2088"]
[BlackElo "2231"]
[WhiteFideId "4660412"]
[BlackFideId "407429"]
[EventDate "2011.01.25"]
[EventType "swiss"]

1. d4 e6 2. Nf3 Nf6 3. c4 b6 4. Nc3 Bb4 5. Bg5 Bb7 6. Nd2 h6 7. Bh4 g5 8. Bg3
Bxc3 9. bxc3 d6 10. f3 Nbd7 11. e4 Qe7 12. a4 a5 13. Bd3 Nh5 14. Bf2 Nf4 15. Bf1
f5 16. g3 Ng6 17. Bd3 fxe4 18. Bxe4 Bxe4 19. fxe4 h5 20. Qe2 c5 21. Be3 g4 22.
h3 gxh3 23. Rxh3 O-O-O 24. Rxh5 Qg7 25. O-O-O cxd4 26. cxd4 Kb7 27. Rb5 Ra8 28.
Qg4 Qf7 29. Rf1 Qe8 30. c5 dxc5 31. dxc5 Nge5 32. Qe2 Qc8 33. Kb1 Qc6 34. Ka2
Ra6 35. Bd4 Rc8 36. Nb3 Kb8 37. Rc1 Qb7 38. Nxa5 Rxa5 39. Rxa5 Nc6 40. Rb1 Nxa5
41. Qb5 Nc6 42. Be3 Na7 43. Qb3 Qxe4 44. cxb6 Rc2+ 45. Ka3 Nc6 46. b7 Qc4 47.
Qxc4 Rxc4 48. Rb3 e5 49. Bf2 Nc5 50. Bxc5 Rxc5 51. g4 Rc4 52. g5 Rg4 53. Rb6 Na5
54. Rb5 Nc4+ 55. Kb3 Nd2+ 56. Kc2 Nf3 57. Kd3 e4+ 58. Ke3 Rxg5 59. Kxe4 Nd2+ 60.
Kd3 Rxb5 1/2-1/2

[Event "Gibraltar Masters"]
[Site "Caleta ENG"]
[Date "2011.01.31"]
[Round "7.72"]
[White "Jameson, David"]
[Black "Vogel, Jaap"]
[Result "1/2-1/2"]
[BlackTitle "FM"]
[WhiteElo "2054"]
[BlackElo "2207"]
[WhiteFideId "1801538"]
[BlackFideId "1000764"]
[EventDate "2011.01.25"]
[EventType "swiss"]

1. c4 f5 2. d4 Nf6 3. Nc3 e6 4. Nf3 Bb4 5. Bd2 O-O 6. g3 Qe7 7. Bg2 d6 8. O-O
Nbd7 9. Qc2 c6 10. Nd5 Nxd5 11. cxd5 Bxd2 12. dxc6 Ba5 13. cxd7 Bxd7 14. d5 e5
15. Qb3 Bb6 16. Nd2 Bc5 17. Rfc1 e4 18. e3 b5 19. Qc3 Bb6 20. b4 Rac8 21. Qb3
Qe5 22. Rab1 a6 23. a3 Rfd8 24. Kh1 Be8 25. g4 Bf7 26. gxf5 Bxd5 27. Qd1 Qxf5
28. Qf1 Rxc1 29. Rxc1 Rf8 30. Kg1 Qg4 31. Qd1 Qh4 32. Nf3 Qh5 33. Nd4 Qf7 34.
Rc2 h6 35. Rd2 Kh8 36. Qc2 Re8 37. Ne2 Bc7 38. Nf4 Bb7 39. Qd1 Re5 40. Qc2 d5
41. h4 Re8 42. Ng6+ Qxg6 43. Qxc7 Qc6 44. Rc2 Qxc7 45. Rxc7 Bc8 46. Kh2 Be6 47.
Rc6 Bg4 48. Rd6 Re5 49. Bf1 Re6 50. Rxd5 Kh7 51. Kg3 h5 52. Bg2 g6 53. Rd4 Bf5
54. Kf4 Rc6 55. Bxe4 Bxe4 56. Kxe4 Rc3 57. Rd3 Rc4+ 58. Rd4 Rc3 59. Rd3 Rc4+ 60.
Kd5 Rxh4 61. e4 Rf4 62. e5 Rxf2 63. e6 Re2 64. Kd6 Kg7 65. e7 g5 66. Kd7 g4 67.
e8=Q Rxe8 68. Kxe8 Kf6 69. Rd6+ Kg5 70. Rxa6 g3 71. a4 h4 72. axb5 h3 73. Ra3
Kg4 74. b6 g2 75. Rg3+ Kxg3 76. b7 g1=Q 77. b8=Q+ Kh4 78. Qf4+ Qg4 79. Qf2+ Kh5
80. Qc5+ Qg5 81. Qf2 Qe5+ 82. Kd7 h2 83. Qf3+ Kg6 84. Qg2+ Kf6 85. Kc6 Ke7 86.
b5 Qd6+ 87. Kb7 Qd7+ 1/2-1/2

[Event "Gibraltar Masters"]
[Site "Caleta ENG"]
[Date "2011.01.31"]
[Round "7.74"]
[White "Urbina Perez, Juan Antonio"]
[Black "Marder, Simon"]
[Result "1-0"]
[WhiteTitle "CM"]
[WhiteElo "2189"]
[BlackElo "1990"]
[WhiteFideId "2217368"]
[BlackFideId "1704540"]
[EventDate "2011.01.25"]
[EventType "swiss"]

1. Nf3 b6 2. g3 Bb7 3. Bg2 h5 4. O-O d6 5. d4 e6 6. c4 Nd7 7. Nc3 Be7 8. h4 Ngf6
9. d5 e5 10. Ng5 a5 11. Qc2 Nc5 12. a3 a4 13. Rb1 Bc8 14. Be3 Ng4 15. Bxc5 bxc5
16. Qd2 Bxg5 17. hxg5 h4 18. f3 hxg3 19. fxg4 Bxg4 20. Ne4 Rh5 21. Qe3 Qe7 22.
Qxg3 Bxe2 23. Rf2 Bxc4 24. Qg4 Rh8 25. Nxc5 Bb5 26. Qb4 Rb8 27. Nxa4 Qxg5 28.
Nc3 Rh4 29. Ne4 Qe3 30. Nxd6+ 1-0

[Event "Gibraltar Masters"]
[Site "Caleta ENG"]
[Date "2011.01.31"]
[Round "7.75"]
[White "Wilson, Alexandra"]
[Black "Dougherty, Michael"]
[Result "0-1"]
[WhiteTitle "WFM"]
[BlackTitle "FM"]
[WhiteElo "2037"]
[BlackElo "2183"]
[WhiteFideId "411000"]
[BlackFideId "2601559"]
[EventDate "2011.01.25"]
[EventType "swiss"]

1. e4 c5 2. Nc3 g6 3. f4 Bg7 4. Nf3 d6 5. Bb5+ Bd7 6. Bxd7+ Qxd7 7. O-O Nc6 8.
d3 f5 9. exf5 gxf5 10. Ng5 Nf6 11. Re1 e5 12. Nb5 O-O 13. c3 Rae8 14. Be3 Ng4
15. Qb3+ Kh8 16. Bd2 a6 17. Na3 b5 18. h3 Nf6 19. Be3 e4 20. dxe4 fxe4 21. f5
Qxf5 22. Nf7+ Rxf7 23. Qxf7 Ne5 24. Qc7 Nf3+ 25. gxf3 exf3 26. Kh2 Nd5 27. Bh6
Be5+ 0-1

[Event "Gibraltar Masters"]
[Site "Caleta ENG"]
[Date "2011.01.31"]
[Round "7.76"]
[White "Obiamiwe, Paul"]
[Black "Arnott, Jonathan W"]
[Result "0-1"]
[WhiteElo "2015"]
[BlackElo "2176"]
[WhiteFideId "8500215"]
[BlackFideId "408077"]
[EventDate "2011.01.25"]
[EventType "swiss"]

1. Nf3 Nf6 2. c4 c6 3. d4 d5 4. Nc3 a6 5. e3 b5 6. cxd5 cxd5 7. Qb3 Nc6 8. Ne5
Bb7 9. Nxc6 Bxc6 10. Be2 e6 11. O-O b4 12. Na4 Qa5 13. Nc5 Bxc5 14. dxc5 Ba4 15.
Qd3 Bb5 16. Qd1 Bxe2 17. Qxe2 Qxc5 18. Bd2 O-O 19. Rfc1 Qb6 20. Qd3 Ne4 21. Be1
a5 22. Rc2 Rfc8 23. Rac1 Nd6 24. b3 h6 25. Kf1 Rxc2 26. Rxc2 Rc8 27. Rxc8+ Nxc8
28. f3 Qc6 29. Bd2 Nd6 30. Ke2 Qb5 31. Bc1 f6 32. Bb2 Kf7 33. Bd4 Qc6 34. h4 e5
35. Bb2 Qb5 36. a4 Qxd3+ 37. Kxd3 Ke6 38. g4 Nb7 39. Kc2 f5 40. g5 hxg5 41. hxg5
Nd8 42. f4 exf4 43. exf4 g6 44. Bd4 Kd6 45. Kd3 Ne6 46. Be3 d4 47. Bxd4 Nxf4+
48. Kc4 Kc6 49. Bf6 Ne6 50. Be7 Kd7 51. Bf6 Kd6 52. Kd3 Kd5 53. Be7 f4 54. Bf6
Nc5+ 55. Ke2 Ke4 56. Bd8 Nxb3 57. Kf2 Nc5 58. Bxa5 b3 59. Bc3 Nxa4 60. Bf6 b2 0-1

[Event "Gibraltar Masters"]
[Site "Caleta ENG"]
[Date "2011.01.31"]
[Round "7.77"]
[White "Boesch, Heinz"]
[Black "Lochte, Thomas"]
[Result "0-1"]
[WhiteElo "1899"]
[BlackElo "2173"]
[WhiteFideId "4673824"]
[BlackFideId "4606272"]
[EventDate "2011.01.25"]
[EventType "swiss"]

1. e4 e5 2. Nf3 Nc6 3. d4 exd4 4. Nxd4 Nf6 5. Nxc6 bxc6 6. Bd3 d5 7. exd5 cxd5
8. Bg5 Be7 9. O-O Qd6 10. Qf3 Bg4 11. Qf4 Qxf4 12. Bxf4 c6 13. Re1 Kd7 14. h3
Be6 15. Nd2 Bd6 16. Bxd6 Kxd6 17. c4 Rab8 18. cxd5 cxd5 19. Nb3 Rb4 20. Rac1
Rhb8 21. Red1 Nd7 22. Be2 Ra4 23. Ra1 Rbb4 24. Rdc1 d4 25. Bd1 Ra6 26. Be2 Raa4
27. Bd1 Rb7 28. Bf3 Bd5 29. Bd1 f5 30. f3 Bxb3 31. Bxb3 Rab4 32. Rd1 Nc5 33. Bg8
d3 34. Bxh7 Rxb2 35. Bxf5 d2 36. Kf2 Re7 37. g4 Na4 38. Be4 Nc3 39. Ke3 Nxd1+
40. Rxd1 Rxa2 41. Rxd2+ Rxd2 42. Kxd2 g5 43. Kd3 Ke5 44. Kc4 Re6 45. Kb5 Rb6+
46. Kc5 Kf4 47. Bd5 Rb2 48. Kd6 a5 49. Ke6 Rb6+ 50. Kd7 a4 51. Kc7 Rb2 0-1

[Event "Gibraltar Masters"]
[Site "Caleta ENG"]
[Date "2011.01.31"]
[Round "7.78"]
[White "Groffen, Hans"]
[Black "Sigamoney, Cyril S"]
[Result "1-0"]
[WhiteElo "2169"]
[BlackElo "1978"]
[WhiteFideId "1004140"]
[BlackFideId "2055287"]
[EventDate "2011.01.25"]
[EventType "swiss"]

1. d4 d5 2. c4 e6 3. Nc3 Nf6 4. Nf3 Be7 5. Bg5 c6 6. e3 O-O 7. Qc2 Nbd7 8. cxd5
exd5 9. Bd3 Re8 10. O-O h6 11. Bf4 Nf8 12. h3 Bd6 13. Bxd6 Qxd6 14. Rab1 Bd7 15.
b4 a6 16. a4 Rec8 17. Rfc1 Ne6 18. Nd2 Ng5 19. f4 Ne6 20. Nf3 Be8 21. Qf2 Nf8
22. g4 g6 23. a5 Bd7 24. Ne5 Re8 25. Rf1 N6h7 26. Na4 Rad8 27. Nc5 Bc8 28. Rb2
Qf6 29. Qg3 Qg7 30. g5 Ne6 31. gxh6 Qxh6 32. Ng4 Qh5 33. f5 Neg5 34. h4 Ne4 35.
Nxe4 Rxe4 36. Bxe4 dxe4 37. fxg6 fxg6 38. Ne5 Nf8 39. Rbf2 Be6 40. Rf6 Kg7 41.
Nxg6 Nxg6 42. Rxe6 Rg8 43. Rff6 Kh7 44. Rxg6 Rxg6 45. Rxg6 Qxg6 46. Qxg6+ Kxg6
47. Kg2 Kf6 48. Kg3 Kf5 49. h5 Kg5 50. h6 Kxh6 51. Kf4 Kg6 52. Kxe4 Kf6 53. d5 1-0